| 000 | 00918nam a22002657a 4500 | ||
|---|---|---|---|
| 008 | 130821s2008 ck gr spa | ||
| 020 | _a9584218190 | ||
| 020 | _a97895818193 | ||
| 040 |
_aCo-BoUCM _bspa |
||
| 041 | 0 | 0 | _aspa |
| 100 | 1 | _aMúnera Cavadia, Alfonso | |
| 245 | 1 | 3 |
_aEl fracaso de la nación región, clase y raza en el caribe Colombiano (1717-1821) _cAlfonso Múnera |
| 260 |
_aBogotá (Colombia) _bEditorial Planeta _c2008 |
||
| 300 | _a247 páginas | ||
| 490 | 0 | _aColección Banco de la República | |
| 504 | _aIncluye bibliografía. | ||
| 650 | 0 | 4 |
_aEsclavitud _zColombia |
| 650 | 0 | 4 |
_aHistoria _97695 |
| 650 | 0 | 4 |
_aHistoria _y1717-1821 _97695 |
| 651 | 4 | _aCartagena de Indias (Colombia) | |
| 651 | 4 |
_aColombia _xHistoria _926606 |
|
| 651 | 7 |
_aCartagena de Indias (Colombia) _xHistoria _y1717-1821 |
|
| 942 |
_cLIBRO _a21 _e1 _mM85f _2DEWEY _h986.1142 |
||
| 999 |
_c69736 _d69736 |
||